| 000 | 00755nam a22002657a 4500 | ||
|---|---|---|---|
| 003 | CHAP | ||
| 005 | 20220329135846.0 | ||
| 008 | 971013s1968 r 00010 d | ||
| 010 | _a43427 | ||
| 011 | _a44399 | ||
| 035 | _a48537 | ||
| 040 | _cCHAP | ||
| 090 | _aFolleto 6537 | ||
| 110 |
_aMéxico. Servicio de Extensión Agrícola _977238 |
||
| 245 | _aDesinfección de zahurdas | ||
| 260 |
_a(s.l.) : _bServicio de Extensión Agrícola, _c1968 |
||
| 300 | _as.p. | ||
| 500 | _aHoja desplegable | ||
| 590 |
_aBATCH-UPD _b10 _c20130110 _lUCH01 _h2332 |
||
| 590 |
_aCONVERSION _b10 _c20130109 _lUCH01 _h1324 |
||
| 650 | 1 | 4 |
_aPorquerizas _xHigiene. _990940 |
| 901 | _aBK | ||
| 942 | _cFOLL | ||
| 949 |
_aFolleto 6537 _bBC _cFOLL _d-109852 _eTS1 _i48537 _mD _si |
||
| 999 |
_c43427 _d43427 |
||